Normal view
MARC view
- ادارة الاعمال - ادارة الافراد - الذكاء
Entry Topical Term
001 - CONTROL NUMBER
- control field: 28841
003 - CONTROL NUMBER IDENTIFIER
- control field: JO-AjAnu
005 - DATE AND TIME OF LATEST TRANSACTION
- control field: 20230606074901.0
008 - FIXED-LENGTH DATA ELEMENTS
- fixed length control field: 230606|| aca||aabn | a|a d
040 ## - CATALOGING SOURCE
- Original cataloging agency: JO-AjAnu
- Transcribing agency: JO-AjAnu
150 ## - HEADING--TOPICAL TERM
- Topical term or geographic name entry element: ادارة الاعمال - ادارة الافراد - الذكاء
670 ## - SOURCE DATA FOUND
- Source citation: Work cat.: (JO-AjAnu)14805: تأليف : الطائي، يوسف حجيم سلطان / م.مشارك : عامر علي حسين العطوي, author 28840, الذكاء الشعوري في المنظمات : مدخل متكامل